Statistics for Name as many symbols as you can

Click here to take the quiz!

General Stats

  • This quiz has been taken 20 times
  • The average score is 17 of 40

Answer Stats

HintAnswer% Correct
%Percent
100%
$Dollar
95%
!Exclamation mark
84%
+Plus
79%
,Comma
74%
#Hashtag
68%
£Pound
68%
?Question mark
68%
©Copyright
63%
=Equals
63%
:Colon
58%
<Less than
58%
.Period
58%
"Quotation mark
58%
;Semi Colon
58%
>Greater Than
53%
-Minus
53%
&Ampersand
47%
\Backslash
47%
( )Parenthesis
47%
×Times
47%
_Underscore
47%
/Slash
42%
*Asterisk
37%
¢Cent
37%
÷Division
37%
~Tilde
37%
¥Yen
37%
^Caret
21%
'Apostraphe
16%
@At symbol
16%
®Registered
16%
[ ]Square Brackets
16%
µMicro
11%
Pilcrow
11%
{ }Curly Bracket
5%
`Backtick
0%
|Bar
0%
¤Currency
0%
§Section
0%

Score Distribution

Percentile by Number Answered

Percent of People with Each Score

Your Score History

You have not taken this quiz